Statistics for Asia Map Quiz - One Minute Sprint

Click here to take the quiz!

General Stats

  • This quiz has been taken 45 times
  • The average score is 20 of 48

Answers on the Map

Answers color-coded by a green-red scale on the quiz's map according to % correct below.
 

Answer Stats

Answer% Correct
China
97%
Japan
97%
Indonesia
91%
Mongolia
91%
North Korea
91%
Philippines
91%
South Korea
91%
Malaysia
89%
Taiwan
89%
Brunei
77%
Cambodia
77%
Singapore
77%
Timor-Leste
77%
Laos
74%
Vietnam
74%
Myanmar
66%
Thailand
66%
Sri Lanka
60%
Bangladesh
57%
India
54%
Maldives
54%
Bhutan
51%
Nepal
43%
Afghanistan
29%
Pakistan
29%
Iraq
26%
Iran
23%
Saudi Arabia
17%
Kuwait
14%
Azerbaijan
11%
Bahrain
11%
Cyprus
11%
Israel
11%
Jordan
11%
Kazakhstan
11%
Kyrgyzstan
11%
Lebanon
11%
Qatar
11%
Armenia
9%
Georgia
9%
Oman
9%
Syria
9%
Tajikistan
9%
United Arab
Emirates
9%
Yemen
9%
Turkmenistan
6%
Turkey
3%
Uzbekistan
3%

Score Distribution

Percentile by Number Answered

Percent of People with Each Score

Your Score History

You have not taken this quiz